[Event "Najdorf Memorial"]
[Site "Warsaw POL"]
[Date "2021.07.17"]
[Round "8.12"]
[White "Bednarczyk, Damian"]
[Black "Kjartansson, Gudmundur"]
[Result "1/2-1/2"]
[BlackElo "2496"]
[WhiteElo "2247"]
[LiveChessVersion "1.4.8"]

1. d4 {[%clk 1:11:28]} Nf6 {[%clk 1:29:51]} 2. c4 {[%clk 1:11:10]} e6
{[%clk 1:30:03]} 3. Nf3 {[%clk 1:10:10]} b6 {[%clk 1:28:51]} 4. g3
{[%clk 1:09:52]} Bb7 {[%clk 1:28:31]} 5. Bg2 {[%clk 1:10:05]} Bb4+
{[%clk 1:28:46]} 6. Nbd2 {[%clk 1:08:28]} O-O {[%clk 1:27:31]} 7. O-O
{[%clk 1:08:55]} Be7 {[%clk 1:21:38]} 8. Qc2 {[%clk 1:08:15]} c5 {[%clk 1:20:06]}
9. e4 {[%clk 1:05:20]} d5 {[%clk 1:07:32]} 10. cxd5 {[%clk 1:01:38]} exd5
{[%clk 1:07:44]} 11. e5 {[%clk 1:02:03]} Ne8 {[%clk 1:07:26]} 12. Rd1
{[%clk 0:50:07]} Nc6 {[%clk 0:54:41]} 13. Nb3 {[%clk 0:36:50]} Nb4
{[%clk 0:42:01]} 14. Qb1 {[%clk 0:25:05]} Ba6 {[%clk 0:41:21]} 15. Be3
{[%clk 0:20:14]} Bd3 {[%clk 0:39:38]} 16. Rxd3 {[%clk 0:17:50]} Nxd3
{[%clk 0:39:56]} 17. Qxd3 {[%clk 0:18:18]} c4 {[%clk 0:40:18]} 18. Qd1
{[%clk 0:18:06]} cxb3 {[%clk 0:40:40]} 19. Qxb3 {[%clk 0:18:33]} Qd7
{[%clk 0:32:18]} 20. Ne1 {[%clk 0:18:01]} Nc7 21. Nd3 {[%clk 0:18:17]} Rfd8
{[%clk 0:24:30]} 22. Nf4 {[%clk 0:17:05]} g5 {[%clk 0:24:33]} 23. Nd3
{[%clk 0:13:05]} Rac8 {[%clk 0:18:10]} 24. Rf1 {[%clk 0:12:27]} Ne6
{[%clk 0:16:33]} 25. Qd1 {[%clk 0:12:32]} Ng7 {[%clk 0:16:33]} 26. h4
{[%clk 0:10:35]} gxh4 {[%clk 0:16:45]} 27. Nf4 {[%clk 0:10:59]} hxg3
{[%clk 0:15:25]} 28. Nxd5 {[%clk 0:10:05]} gxf2+ {[%clk 0:12:58]} 29. Rxf2
{[%clk 0:10:27]} Qe6 {[%clk 0:13:18]} 30. Qf3 {[%clk 0:09:48]} Bh4
{[%clk 0:13:22]} 31. Nf6+ {[%clk 0:09:24]} Kh8 {[%clk 0:11:51]} 32. Rf1
{[%clk 0:07:53]} Bxf6 {[%clk 0:10:51]} 33. Bh3 {[%clk 0:05:40]} Qxa2
{[%clk 0:08:50]} 34. Bxc8 {[%clk 0:04:44]} Rxc8 {[%clk 0:07:27]} 35. Qxf6
{[%clk 0:05:04]} Qe6 {[%clk 0:06:49]} 36. Qxe6 {[%clk 0:04:33]} fxe6
{[%clk 0:06:49]} 37. Rf7 {[%clk 0:04:56]} Nf5 {[%clk 0:06:59]} 38. Bf2
{[%clk 0:04:27]} Rd8 {[%clk 0:02:58]} 39. Rxa7 {[%clk 0:03:40]} Nxd4
{[%clk 0:03:05]} 40. Rb7 {[%clk 0:32:45]} Nf3+ {[%clk 0:32:04]} 41. Kf1
{[%clk 0:32:19]} Nxe5 {[%clk 0:31:13]} 42. Rxb6 {[%clk 0:30:45]} Nc4
{[%clk 0:24:41]} 43. Rxe6 {[%clk 0:29:00]} Nxb2 {[%clk 0:24:38]} 44. Re4
{[%clk 0:28:46]} Kg8 {[%clk 0:23:55]} 45. Ke2 {[%clk 0:25:22]} Kf7
{[%clk 0:23:45]} 46. Rb4 {[%clk 0:21:26]} Nd3 {[%clk 0:22:34]} 47. Rd4
{[%clk 0:21:39]} Rxd4 {[%clk 0:20:47]} 48. Bxd4 {[%clk 0:22:01]} Nf4+
{[%clk 0:21:14]} 49. Kf3 {[%clk 0:21:58]} Ne6 {[%clk 0:21:43]} 50. Bf2
{[%clk 0:22:07]} Kg6 {[%clk 0:22:08]} 51. Bh4 {[%clk 0:22:09]} Kf5
{[%clk 0:22:36]} 52. Kg3 {[%clk 0:21:53]} h6 {[%clk 0:22:52]} 53. Kf3
{[%clk 0:22:14]} Nf8 {[%clk 0:23:11]} 54. Kg3 {[%clk 0:22:22]} Ng6
{[%clk 0:23:39]} 55. Bd8 {[%clk 0:22:32]} h5 {[%clk 0:24:06]} 56. Bh4
{[%clk 0:22:27]} Nxh4 {[%clk 0:24:32]} 57. Kxh4 {[%clk 0:22:49]} Ke6
{[%clk 0:25:01]} 58. Kxh5 {[%clk 0:23:12]} Ke5 1/2-1/2

[Event "Najdorf Memorial"]
[Site "Warsaw POL"]
[Date "2021.07.17"]
[Round "8.13"]
[White "Baum, Jonasz"]
[Black "Pacan-milej, Kosma"]
[Result "1/2-1/2"]
[BlackElo "2421"]
[WhiteElo "2260"]
[LiveChessVersion "1.4.8"]

1. d4 {[%clk 1:30:58]} Nf6 {[%clk 1:30:55]} 2. c4 {[%clk 1:31:22]} g6
{[%clk 1:31:19]} 3. Nc3 {[%clk 1:31:06]} Bg7 {[%clk 1:31:43]} 4. e4
{[%clk 1:31:07]} d6 {[%clk 1:32:07]} 5. Nge2 {[%clk 1:29:59]} O-O
{[%clk 1:32:16]} 6. f3 {[%clk 1:30:18]} a6 {[%clk 1:30:59]} 7. Be3
{[%clk 1:29:30]} Nbd7 {[%clk 1:30:47]} 8. Qd2 {[%clk 1:24:14]} b5
{[%clk 1:30:57]} 9. cxb5 {[%clk 1:10:12]} axb5 {[%clk 1:31:22]} 10. Nxb5
{[%clk 1:07:50]} c6 {[%clk 1:31:03]} 11. Nbc3 {[%clk 1:06:48]} e5
{[%clk 1:31:16]} 12. d5 {[%clk 0:41:57]} Nb6 {[%clk 1:26:18]} 13. dxc6
{[%clk 0:36:35]} Nc4 {[%clk 1:26:41]} 14. Qc1 {[%clk 0:36:08]} Be6
{[%clk 0:54:04]} 15. Bf2 {[%clk 0:24:22]} Qa5 {[%clk 0:31:00]} 16. Ng3
{[%clk 0:19:33]} Rfc8 {[%clk 0:28:46]} 17. Bd3 {[%clk 0:18:19]} Rxc6
{[%clk 0:25:02]} 18. Nge2 {[%clk 0:09:57]} d5 {[%clk 0:13:03]} 19. exd5
{[%clk 0:09:29]} Nxd5 {[%clk 0:13:17]} 20. O-O {[%clk 0:08:50]} Nxb2
{[%clk 0:10:24]} 21. Qxb2 {[%clk 0:08:11]} Nxc3 {[%clk 0:10:37]} 22. Nxc3
{[%clk 0:04:43]} Qxc3 {[%clk 0:10:59]} 23. Qb7 {[%clk 0:03:36]} Rcc8
{[%clk 0:07:59]} 24. Be4 {[%clk 0:02:10]} Rab8 {[%clk 0:06:26]} 25. Qe7
{[%clk 0:01:02]} Rb2 {[%clk 0:04:52]} 26. a4 {[%clk 0:00:48]} Bh6
{[%clk 0:03:56]} 27. Qh4 {[%clk 0:00:43]} Rxf2 {[%clk 0:02:35]} 28. Qxh6
{[%clk 0:01:01]} Rxf1+ {[%clk 0:02:09]} 29. Rxf1 {[%clk 0:01:30]} Qd4+
{[%clk 0:02:31]} 30. Kh1 {[%clk 0:01:55]} Qxa4 {[%clk 0:02:50]} 31. Qg5
{[%clk 0:00:39]} Qd4 {[%clk 0:01:05]} 32. h4 {[%clk 0:00:46]} Kg7
{[%clk 0:00:46]} 33. h5 {[%clk 0:00:53]} h6 {[%clk 0:00:54]} 34. Qg3
{[%clk 0:00:48]} g5 {[%clk 0:01:12]} 35. Re1 {[%clk 0:00:42]} Rb8
{[%clk 0:01:15]} 36. Bc6 {[%clk 0:00:33]} Rb6 {[%clk 0:01:10]} 37. Ba8
{[%clk 0:00:54]} Ra6 {[%clk 0:00:47]} 38. Bb7 {[%clk 0:01:18]} Ra5
{[%clk 0:00:52]} 39. Kh2 {[%clk 0:01:36]} Kf6 {[%clk 0:00:37]} 40. Be4
{[%clk 0:30:46]} Qd2 {[%clk 0:30:42]} 41. Rb1 {[%clk 0:30:15]} Qe3
{[%clk 0:19:39]} 42. Rd1 {[%clk 0:20:37]} Rc5 {[%clk 0:17:04]} 43. Rd3
{[%clk 0:18:50]} Qf4 {[%clk 0:14:55]} 44. Rd8 {[%clk 0:17:24]} Rc8
{[%clk 0:14:08]} 45. Rd6 {[%clk 0:15:40]} g4 {[%clk 0:02:06]} 46. Bd5
{[%clk 0:07:49]} gxf3 {[%clk 0:02:09]} 47. Qxf4+ {[%clk 0:05:58]} exf4
{[%clk 0:02:38]} 48. Bxf3 {[%clk 0:06:18]} Kg5 {[%clk 0:03:03]} 49. Ra6
{[%clk 0:03:52]} Rc5 {[%clk 0:02:09]} 50. Ra8 {[%clk 0:04:04]} Bd5
{[%clk 0:01:22]} 51. Rg8+ {[%clk 0:04:07]} Kf6 {[%clk 0:01:28]} 52. Bxd5
{[%clk 0:02:26]} Rxd5 {[%clk 0:01:57]} 53. Rh8 {[%clk 0:01:49]} Rxh5+
{[%clk 0:02:19]} 54. Kg1 {[%clk 0:02:18]} Kg7 {[%clk 0:01:08]} 55. Ra8
{[%clk 0:02:44]} Rf5 {[%clk 0:01:04]} 56. Kf2 {[%clk 0:03:10]} Kg6
{[%clk 0:01:00]} 57. Kf3 {[%clk 0:03:36]} Rg5 {[%clk 0:01:01]} 58. Kxf4
{[%clk 0:03:51]} Rf5+ {[%clk 0:01:02]} 59. Kg3 {[%clk 0:04:04]} Kf6
{[%clk 0:01:20]} 60. Rh8 {[%clk 0:04:20]} Rg5+ {[%clk 0:01:39]} 61. Kf4
{[%clk 0:03:51]} Kg7 {[%clk 0:01:32]} 62. Ra8 {[%clk 0:04:02]} Rxg2
{[%clk 0:01:58]} 63. Kf3 {[%clk 0:04:12]} Rg5 {[%clk 0:02:16]} 64. Ra6
{[%clk 0:04:38]} h5 {[%clk 0:02:23]} 65. Ra4 {[%clk 0:04:41]} Kh6
{[%clk 0:00:58]} 66. Ra8 {[%clk 0:04:17]} Rg7 {[%clk 0:00:54]} 67. Ra6+
{[%clk 0:04:00]} Rg6 {[%clk 0:01:13]} 68. Ra4 {[%clk 0:04:20]} Kg5
{[%clk 0:01:12]} 69. Kg3 {[%clk 0:04:09]} Rb6 {[%clk 0:01:34]} 70. Ra7
{[%clk 0:03:25]} h4+ {[%clk 0:01:20]} 71. Kg2 {[%clk 0:03:19]} Rb2+
{[%clk 0:01:20]} 72. Kh3 {[%clk 0:03:27]} Rb3+ {[%clk 0:01:42]} 73. Kg2
{[%clk 0:03:20]} f5 {[%clk 0:01:17]} 74. Ra4 {[%clk 0:02:50]} Rc3
{[%clk 0:01:20]} 75. Ra8 {[%clk 0:02:46]} Kg4 {[%clk 0:00:55]} 76. Rg8+
{[%clk 0:03:13]} Kf4 {[%clk 0:01:22]} 77. Ra8 {[%clk 0:03:17]} Rg3+
{[%clk 0:01:25]} 78. Kf2 {[%clk 0:02:52]} Kg4 {[%clk 0:00:43]} 79. Rg8+
{[%clk 0:03:02]} Kh3 {[%clk 0:00:47]} 80. Rh8 {[%clk 0:02:22]} Rg4
{[%clk 0:00:52]} 81. Kf3 {[%clk 0:02:28]} Kh2 {[%clk 0:00:35]} 82. Rh5
{[%clk 0:02:35]} Rg3+ {[%clk 0:00:37]} 83. Kf2 {[%clk 0:02:09]} Rg2+
{[%clk 0:00:38]} 84. Kf1 {[%clk 0:02:08]} Rg1+ {[%clk 0:00:38]} 85. Kf2
{[%clk 0:02:33]} Rg2+ {[%clk 0:00:46]} 86. Kf1 {[%clk 0:03:02]} Ra2
{[%clk 0:00:33]} 87. Rxf5 {[%clk 0:02:51]} Kg3 {[%clk 0:00:43]} 88. Rg5+
{[%clk 0:02:58]} Kf3 {[%clk 0:01:05]} 89. Kg1 {[%clk 0:02:57]} h3
{[%clk 0:01:27]} 90. Rf5+ {[%clk 0:03:05]} Kg4 {[%clk 0:01:44]} 91. Rf8
{[%clk 0:03:23]} h2+ {[%clk 0:01:39]} 92. Kh1 {[%clk 0:03:48]} Kg5
{[%clk 0:01:56]} 93. Rh8 {[%clk 0:04:09]} Kg6 {[%clk 0:02:20]} 94. Rxh2
{[%clk 0:04:36]} Rxh2+ {[%clk 0:02:47]} 95. Kxh2 {[%clk 0:04:59]} 1/2-1/2

[Event "Najdorf Memorial"]
[Site "Warsaw POL"]
[Date "2021.07.17"]
[Round "8.14"]
[White "Lewtak, Damian"]
[Black "Selbes, Tarik"]
[Result "1-0"]
[BlackElo "2235"]
[WhiteElo "2380"]
[LiveChessVersion "1.4.8"]

1. d3 {[%clk 1:30:58]} d5 {[%clk 1:29:35]} 2. g3 {[%clk 1:31:19]} Nf6
{[%clk 1:30:00]} 3. Bg2 {[%clk 1:31:37]} c6 {[%clk 1:29:03]} 4. Nf3
{[%clk 1:31:15]} Bg4 {[%clk 1:29:05]} 5. b3 {[%clk 1:29:18]} e6 {[%clk 1:28:59]}
6. h3 {[%clk 1:29:16]} Bxf3 {[%clk 1:29:07]} 7. Bxf3 {[%clk 1:29:18]} a5
{[%clk 1:28:53]} 8. a4 {[%clk 1:29:24]} Nbd7 {[%clk 1:29:08]} 9. O-O
{[%clk 1:29:16]} Bd6 {[%clk 1:27:33]} 10. Bg2 {[%clk 1:28:00]} Qc7
{[%clk 1:25:05]} 11. Nd2 {[%clk 1:27:41]} h5 {[%clk 1:22:15]} 12. Nf3
{[%clk 1:26:48]} Ne5 {[%clk 1:17:03]} 13. Nxe5 {[%clk 1:26:12]} Bxe5
{[%clk 1:17:27]} 14. d4 {[%clk 1:26:40]} Bd6 {[%clk 1:17:48]} 15. c4
{[%clk 1:26:18]} b6 {[%clk 1:16:37]} 16. Qd3 {[%clk 1:24:08]} Rc8
{[%clk 1:14:42]} 17. Bg5 {[%clk 1:23:44]} Nh7 {[%clk 1:11:46]} 18. Bd2
{[%clk 1:24:09]} h4 {[%clk 1:06:21]} 19. gxh4 {[%clk 1:21:27]} Nf6
{[%clk 0:55:16]} 20. Bg5 {[%clk 1:21:29]} Kf8 {[%clk 0:47:44]} 21. Rac1
{[%clk 1:19:52]} Bf4 {[%clk 0:47:43]} 22. e3 {[%clk 1:16:20]} Bxg5
{[%clk 0:45:40]} 23. hxg5 {[%clk 1:16:16]} Ne4 {[%clk 0:45:52]} 24. f4
{[%clk 1:09:35]} g6 {[%clk 0:44:13]} 25. Bxe4 {[%clk 1:07:40]} dxe4
{[%clk 0:44:34]} 26. Qxe4 {[%clk 1:08:04]} Rxh3 {[%clk 0:43:39]} 27. Kg2
{[%clk 1:08:26]} Rh8 {[%clk 0:42:51]} 28. Rh1 {[%clk 1:08:45]} Kg7
{[%clk 0:43:01]} 29. Qe5+ {[%clk 1:04:37]} Qxe5 {[%clk 0:43:26]} 30. fxe5
{[%clk 1:05:04]} Rh5 {[%clk 0:41:01]} 31. Rxh5 {[%clk 1:05:06]} gxh5
{[%clk 0:41:30]} 32. Kg3 {[%clk 1:05:23]} Rd8 {[%clk 0:38:02]} 33. Kh4
{[%clk 1:04:05]} c5 {[%clk 0:37:57]} 34. Rd1 {[%clk 1:04:21]} Kg6
{[%clk 0:38:16]} 35. d5 {[%clk 1:03:53]} Kf5 {[%clk 0:35:47]} 36. dxe6
{[%clk 1:02:04]} Rxd1 {[%clk 0:32:29]} 37. e7 {[%clk 1:02:30]} 1-0

[Event "Najdorf Memorial"]
[Site "Warsaw POL"]
[Date "2021.07.17"]
[Round "8.16"]
[White "Rudzinska, Michalina"]
[Black "Goluch, Piotr"]
[Result "1-0"]
[BlackElo "2333"]
[WhiteElo "2238"]
[LiveChessVersion "1.4.8"]

1. Nf3 {[%clk 1:30:56]} d5 {[%clk 1:30:30]} 2. b3 {[%clk 1:31:16]} Nf6
{[%clk 1:30:18]} 3. Bb2 {[%clk 1:31:37]} e6 {[%clk 1:30:19]} 4. e3
{[%clk 1:31:52]} Be7 {[%clk 1:30:44]} 5. c4 {[%clk 1:32:05]} O-O 6. d4
{[%clk 1:31:36]} b6 {[%clk 1:30:21]} 7. Bd3 {[%clk 1:31:43]} Bb7 {[%clk 1:30:15]}
8. Nbd2 {[%clk 1:31:45]} Ne4 {[%clk 1:25:53]} 9. O-O {[%clk 1:31:37]} Nd7
{[%clk 1:25:25]} 10. Rc1 {[%clk 1:29:36]} f5 {[%clk 1:24:57]} 11. cxd5
{[%clk 1:21:53]} exd5 {[%clk 1:25:22]} 12. Ne5 {[%clk 1:21:49]} Bd6
{[%clk 1:20:34]} 13. f3 {[%clk 1:10:00]} Nxd2 {[%clk 1:20:39]} 14. Qxd2
{[%clk 1:10:24]} Qe7 {[%clk 1:20:48]} 15. f4 {[%clk 1:08:26]} g6 {[%clk 1:11:36]}
16. Rf3 {[%clk 1:03:16]} Nf6 {[%clk 1:03:49]} 17. Qe2 {[%clk 0:59:18]} a5
{[%clk 1:02:42]} 18. Rg3 {[%clk 0:53:55]} Qe6 {[%clk 0:55:49]} 19. Rg5
{[%clk 0:50:44]} Kh8 {[%clk 0:54:14]} 20. Qf2 {[%clk 0:44:30]} Ng4
{[%clk 0:51:19]} 21. Qh4 {[%clk 0:34:19]} Bxe5 {[%clk 0:51:40]} 22. dxe5
{[%clk 0:33:43]} c5 {[%clk 0:51:56]} 23. Re1 {[%clk 0:29:03]} c4 {[%clk 0:43:00]}
24. bxc4 {[%clk 0:28:34]} Kg8 {[%clk 0:38:41]} 25. Bxf5 {[%clk 0:14:44]} Rxf5
{[%clk 0:39:06]} 26. Qxg4 {[%clk 0:15:02]} Rc8 {[%clk 0:30:32]} 27. cxd5
{[%clk 0:13:55]} Bxd5 {[%clk 0:30:58]} 28. e4 {[%clk 0:12:42]} Rxg5
{[%clk 0:31:25]} 29. Qxg5 {[%clk 0:12:54]} Bb7 {[%clk 0:31:46]} 30. f5
{[%clk 0:11:40]} Qxa2 {[%clk 0:31:38]} 31. fxg6 {[%clk 0:07:50]} Qxb2
{[%clk 0:32:05]} 32. gxh7+ {[%clk 0:06:19]} Kh8 {[%clk 0:31:34]} 33. Qf6+
{[%clk 0:04:11]} Kxh7 {[%clk 0:31:59]} 34. Qe7+ {[%clk 0:02:45]} Kh8
{[%clk 0:32:23]} 35. h3 {[%clk 0:02:42]} Qb4 {[%clk 0:08:05]} 36. Qh4+
{[%clk 0:01:59]} Kg8 {[%clk 0:08:26]} 37. Qg5+ {[%clk 0:02:16]} Kh8
{[%clk 0:07:57]} 38. Qh5+ {[%clk 0:01:14]} Kg8 {[%clk 0:08:22]} 39. Qg5+
{[%clk 0:01:42]} Kh8 {[%clk 0:08:46]} 40. Re3 {[%clk 0:31:10]} Qd4
{[%clk 0:30:33]} 41. Kh2 {[%clk 0:31:01]} Qd7 {[%clk 0:19:07]} 42. Rg3
{[%clk 0:29:35]} 1-0

[Event "Najdorf Memorial"]
[Site "Warsaw POL"]
[Date "2021.07.17"]
[Round "8.17"]
[White "Kubicka, Anna"]
[Black "Deszczynski, Adam"]
[Result "0-1"]
[BlackElo "2311"]
[WhiteElo "2210"]
[LiveChessVersion "1.4.8"]

1. e4 {[%clk 1:30:54]} c5 {[%clk 1:29:21]} 2. Nf3 {[%clk 1:31:19]} d6
{[%clk 1:27:44]} 3. d4 {[%clk 1:31:44]} cxd4 {[%clk 1:27:27]} 4. Nxd4
{[%clk 1:32:10]} Nf6 {[%clk 1:26:57]} 5. Nc3 {[%clk 1:32:35]} a6 {[%clk 1:25:21]}
6. Be3 {[%clk 1:32:51]} Nbd7 {[%clk 1:22:58]} 7. f3 {[%clk 1:26:02]} h5
{[%clk 1:19:34]} 8. Qd2 {[%clk 1:21:11]} e6 {[%clk 1:17:44]} 9. O-O-O
{[%clk 1:21:19]} b5 {[%clk 1:15:18]} 10. Kb1 {[%clk 1:14:01]} Bb7
{[%clk 1:11:06]} 11. Bd3 {[%clk 1:01:29]} Rc8 {[%clk 1:07:02]} 12. h3
{[%clk 0:59:55]} b4 {[%clk 0:52:31]} 13. Nce2 {[%clk 0:59:40]} d5
{[%clk 0:52:36]} 14. exd5 {[%clk 0:56:25]} Nxd5 {[%clk 0:52:23]} 15. Nf4
{[%clk 0:45:03]} Nc5 {[%clk 0:21:01]} 16. Nxd5 {[%clk 0:31:00]} Bxd5
{[%clk 0:21:08]} 17. Qxb4 {[%clk 0:25:09]} Qd7 {[%clk 0:17:31]} 18. Qa5
{[%clk 0:21:52]} Nxd3 {[%clk 0:16:53]} 19. Rxd3 {[%clk 0:22:13]} Be7
{[%clk 0:11:06]} 20. Ne2 {[%clk 0:13:21]} Qb5 {[%clk 0:05:09]} 21. Qxb5+
{[%clk 0:12:44]} axb5 {[%clk 0:05:38]} 22. Rc3 {[%clk 0:11:43]} Ra8
{[%clk 0:05:31]} 23. b3 {[%clk 0:11:23]} b4 {[%clk 0:02:13]} 24. Rc7
{[%clk 0:08:40]} Bd6 {[%clk 0:02:12]} 25. Ra7 {[%clk 0:08:59]} Rxa7
{[%clk 0:02:17]} 26. Bxa7 {[%clk 0:09:25]} Rh6 {[%clk 0:01:57]} 27. Rf1
{[%clk 0:07:19]} Rg6 {[%clk 0:01:47]} 28. Rf2 {[%clk 0:06:41]} e5
{[%clk 0:01:45]} 29. Be3 {[%clk 0:01:27]} h4 {[%clk 0:02:05]} 30. c4
{[%clk 0:01:28]} Bb7 {[%clk 0:02:00]} 31. Kc2 {[%clk 0:00:50]} f5
{[%clk 0:02:09]} 32. c5 {[%clk 0:00:43]} Be7 {[%clk 0:02:12]} 33. f4
{[%clk 0:01:10]} Rxg2 {[%clk 0:01:45]} 34. fxe5 {[%clk 0:00:45]} g5
{[%clk 0:01:48]} 35. Nd4 {[%clk 0:00:38]} Be4+ {[%clk 0:01:27]} 36. Kd1
{[%clk 0:00:54]} f4 {[%clk 0:01:06]} 37. Rxg2 {[%clk 0:00:50]} Bxg2
{[%clk 0:01:33]} 38. Bd2 {[%clk 0:00:37]} Bxc5 {[%clk 0:01:31]} 39. Ne6
{[%clk 0:00:42]} Be7 {[%clk 0:01:42]} 40. Bxf4 {[%clk 0:30:48]} gxf4
{[%clk 0:31:46]} 41. Nxf4 {[%clk 0:31:16]} Be4 {[%clk 0:31:42]} 42. Ne6
{[%clk 0:27:40]} Kd7 {[%clk 0:28:36]} 43. Nd4 {[%clk 0:21:10]} Bc5
{[%clk 0:27:46]} 44. Ne2 {[%clk 0:20:41]} Ke6 {[%clk 0:27:41]} 45. Ke1
{[%clk 0:18:12]} Kxe5 {[%clk 0:27:49]} 46. Kd2 {[%clk 0:18:41]} Bf5
{[%clk 0:27:02]} 47. Nc1 {[%clk 0:17:56]} Kf4 {[%clk 0:26:32]} 48. Ne2+
{[%clk 0:17:59]} Kf3 {[%clk 0:26:49]} 0-1

[Event "Najdorf Memorial"]
[Site "Warsaw POL"]
[Date "2021.07.17"]
[Round "8.18"]
[White "Siwiec, Arkadiusz"]
[Black "Nowak, Mikolaj"]
[Result "1/2-1/2"]
[BlackElo "2310"]
[WhiteElo "2206"]
[LiveChessVersion "1.4.8"]

1. d4 {[%clk 1:30:59]} c5 {[%clk 1:30:20]} 2. d5 {[%clk 1:30:27]} Nf6
{[%clk 1:30:42]} 3. Nc3 {[%clk 1:27:45]} d6 {[%clk 1:30:47]} 4. e4
{[%clk 1:26:51]} g6 {[%clk 1:31:09]} 5. Nf3 {[%clk 1:26:54]} Bg7 {[%clk 1:31:28]}
6. Be2 {[%clk 1:21:43]} O-O {[%clk 1:31:43]} 7. O-O {[%clk 1:22:12]} Na6
{[%clk 1:29:06]} 8. Bxa6 {[%clk 1:13:24]} bxa6 {[%clk 1:29:29]} 9. Nd2
{[%clk 1:07:39]} Nd7 {[%clk 1:27:10]} 10. Nc4 {[%clk 1:02:50]} Rb8
{[%clk 1:16:23]} 11. Qd3 {[%clk 0:52:11]} a5 {[%clk 1:12:17]} 12. a4
{[%clk 0:50:26]} Rb4 {[%clk 1:05:13]} 13. Nb5 {[%clk 0:23:01]} Ba6
{[%clk 1:04:30]} 14. Bd2 {[%clk 0:23:10]} Rxa4 {[%clk 0:56:43]} 15. Qb3
{[%clk 0:23:39]} Rxc4 {[%clk 0:47:26]} 16. Qxc4 {[%clk 0:24:08]} Qb6
{[%clk 0:45:18]} 17. Rxa5 {[%clk 0:21:23]} Rb8 {[%clk 0:45:17]} 18. Qa2
{[%clk 0:18:30]} Bxb5 19. c4 {[%clk 0:18:58]} Bxc4 {[%clk 0:44:07]} 20. Qxc4
{[%clk 0:19:26]} Qxb2 {[%clk 0:43:55]} 21. Rxa7 {[%clk 0:19:12]} Ne5
{[%clk 0:33:44]} 22. Qa2 {[%clk 0:19:40]} Qd4 {[%clk 0:26:03]} 23. Qc2
{[%clk 0:13:02]} Bf6 {[%clk 0:21:16]} 24. Be3 {[%clk 0:12:34]} Qb4
{[%clk 0:19:54]} 25. f3 {[%clk 0:11:59]} 1/2-1/2

[Event "Najdorf Memorial"]
[Site "Warsaw POL"]
[Date "2021.07.17"]
[Round "8.20"]
[White "Seemann, Jakub"]
[Black "Chomczyk, Marek"]
[Result "1/2-1/2"]
[BlackElo "2194"]
[WhiteElo "2300"]
[LiveChessVersion "1.4.8"]

1. d4 f5 2. c4 Nf6 3. Nc3 d6 4. Nf3 g6 5. Bf4 Bg7 6. e3 O-O 7. c5 b6 8. cxd6 cxd6
9. Qb3+ Kh8 10. Ng5 e5 11. dxe5 dxe5 12. Bxe5 Qe7 13. Bxf6 Qxf6 14. Nf3 Na6 15.
Be2 Nc5 16. Qa3 Bb7 17. O-O f4 18. exf4 Qxf4 19. Rad1 Rae8 20. Rfe1 Re5 21. b4
Rg5 22. Nd5 Bxd5 23. Rxd5 Rxd5 24. bxc5 Rxc5 25. Qxa7 Re8 26. Qxb6 Rc2 27. Qb5
Qf7 28. a4 Bc3 29. Qd3 Qf5 30. Rb1 Qxd3 31. Bxd3 Ra2 32. Bb5 Rd8 33. Rf1 Kg7 34.
g3 Kf6 35. Rc1 Ra1 36. Rxa1 Bxa1 37. Kg2 Bc3 38. Ng1 Rd2 39. Ne2 Ba5 40. Kf3 Bb6
41. h4 Ke5 42. Bc4 h6 43. Bb5 g5 44. hxg5 hxg5 45. Kg4 Bxf2 46. Kxg5 Rd8 47. Kg4
Ke4 48. Kg5 Rd6 49. Nc3+ Ke5 50. Ne2 Be1 51. g4 Rd8 52. Bc4 Ra8 53. Bb3 Ke4 54.
Nf4 Rb8 55. Bc2+ Kf3 56. Bd1+ Kg3 57. Nh5+ Kf2 58. Nf6 Rb4 59. Kf5 Rd4 1/2-1/2

[Event "Najdorf Memorial"]
[Site "Warsaw POL"]
[Date "2021.07.17"]
[Round "8.21"]
[White "Paszewski, Mateusz"]
[Black "Kokoszczynski, Jan"]
[Result "0-1"]
[BlackElo "2219"]
[WhiteElo "2280"]
[LiveChessVersion "1.4.8"]

1. c4 {[%clk 1:30:47]} c5 {[%clk 1:30:27]} 2. Nf3 {[%clk 1:29:36]} g6
{[%clk 1:24:29]} 3. d4 {[%clk 1:26:30]} cxd4 {[%clk 1:24:25]} 4. Nxd4
{[%clk 1:26:59]} Nc6 {[%clk 1:23:57]} 5. e4 {[%clk 1:27:17]} Bg7 {[%clk 1:18:59]}
6. Be3 {[%clk 1:27:34]} Nf6 {[%clk 1:19:13]} 7. Nc3 {[%clk 1:28:01]} d6
{[%clk 1:19:29]} 8. Be2 {[%clk 1:28:07]} O-O {[%clk 1:19:48]} 9. f3
{[%clk 1:25:18]} Bd7 {[%clk 1:10:58]} 10. Qd2 {[%clk 1:24:39]} a5
{[%clk 0:58:03]} 11. Ndb5 {[%clk 1:17:23]} a4 {[%clk 0:57:18]} 12. O-O
{[%clk 1:14:46]} Qa5 {[%clk 0:56:55]} 13. Rfd1 {[%clk 1:07:49]} Rfc8
{[%clk 0:54:59]} 14. Rab1 {[%clk 1:07:22]} Ne5 {[%clk 0:50:10]} 15. b3
{[%clk 1:07:14]} axb3 {[%clk 0:45:06]} 16. axb3 {[%clk 1:07:25]} Bxb5
{[%clk 0:43:41]} 17. Nxb5 {[%clk 1:07:36]} Qxd2 {[%clk 0:44:01]} 18. Rxd2
{[%clk 1:07:37]} Ra6 {[%clk 0:42:15]} 19. Rbd1 {[%clk 0:58:17]} h5
{[%clk 0:35:38]} 20. h3 {[%clk 0:50:22]} Kh7 {[%clk 0:32:31]} 21. g4
{[%clk 0:47:35]} Ra5 {[%clk 0:25:39]} 22. g5 {[%clk 0:35:45]} Ne8
{[%clk 0:25:35]} 23. Kf2 {[%clk 0:33:22]} Nc6 {[%clk 0:16:45]} 24. c5
{[%clk 0:23:59]} dxc5 {[%clk 0:16:13]} 25. Bxc5 {[%clk 0:24:17]} Nc7 26. Nxc7
Rxc5 {[%clk 0:12:10]} 27. Nd5 {[%clk 0:17:07]} Bc3 {[%clk 0:09:59]} 28. Rd3
{[%clk 0:15:35]} Ne5 {[%clk 0:07:40]} 29. Re3 {[%clk 0:09:26]} e6
{[%clk 0:05:49]} 30. b4 {[%clk 0:09:28]} exd5 {[%clk 0:04:55]} 31. bxc5
{[%clk 0:09:57]} d4 {[%clk 0:05:21]} 32. Rxc3 {[%clk 0:10:11]} dxc3
{[%clk 0:05:50]} 33. Rc1 {[%clk 0:05:54]} Rxc5 {[%clk 0:06:03]} 34. Ke3
{[%clk 0:06:23]} Nc6 {[%clk 0:03:51]} 35. Kd3 {[%clk 0:04:46]} Rxg5
{[%clk 0:02:56]} 36. Rxc3 {[%clk 0:03:55]} Rg3 {[%clk 0:02:39]} 37. Rb3
{[%clk 0:03:30]} Rxh3 {[%clk 0:02:48]} 38. Rxb7 {[%clk 0:03:40]} Kg7
{[%clk 0:01:55]} 39. Ke3 {[%clk 0:02:28]} g5 {[%clk 0:01:45]} 40. Rb5
{[%clk 0:30:47]} f6 {[%clk 0:31:02]} 41. Rb7+ {[%clk 0:27:15]} Kg6
{[%clk 0:30:44]} 42. Kf2 {[%clk 0:26:25]} Rh2+ {[%clk 0:28:10]} 43. Ke3
{[%clk 0:26:17]} Ne5 {[%clk 0:23:52]} 44. Rc7 {[%clk 0:20:47]} Rh3
{[%clk 0:20:39]} 45. Kf2 {[%clk 0:21:01]} g4 {[%clk 0:12:17]} 46. fxg4
{[%clk 0:19:04]} hxg4 {[%clk 0:12:43]} 47. Rc8 {[%clk 0:09:43]} Kg5
{[%clk 0:09:21]} 48. Rf8 {[%clk 0:09:10]} Rh2+ {[%clk 0:09:17]} 49. Ke3
{[%clk 0:09:28]} Rh3+ {[%clk 0:09:09]} 50. Kf2 {[%clk 0:09:56]} Rb3
{[%clk 0:05:37]} 51. Bd1 {[%clk 0:07:44]} Rc3 {[%clk 0:05:01]} 52. Ke2
{[%clk 0:06:19]} Ra3 {[%clk 0:03:47]} 53. Kf2 {[%clk 0:06:11]} Nd3+
{[%clk 0:03:51]} 54. Kg1 {[%clk 0:06:26]} Ra1 {[%clk 0:03:41]} 55. Rg8+
{[%clk 0:06:52]} Kh4 {[%clk 0:02:02]} 56. Rxg4+ {[%clk 0:07:16]} Kh3
{[%clk 0:02:27]} 0-1